Skupinové hry pro rozvíjení sebeúcty dětí ve věku 5-11 let /

Hlavní autor: Plummer, Deborah, 1957-
Jazyk: Čeština
Vydáno: Praha : Portál, 2013
Vydání: Vyd. 1.
Témata:
Fyzický popis: 135 s. ; 21 cm
Knihy
Uloženo v:
LEADER 02306nam a2200601 a 4500
001 nkc20132468140
003 CZ PrNK
005 20131205080032.0
007 ta
008 130614s2013 xr e f 000 0 cze
015 |a cnb002468140 
020 |a 978-80-262-0467-1  |q (brož.) 
035 |a (OCoLC)864847570 
040 |a ABA001  |b cze 
041 1 |a cze  |h eng 
072 7 |a 37  |x Výchova a vzdělávání  |2 Konspekt  |9 22 
080 |a 37.091.33:316.6  |2 MRF 
080 |a 159.923.35  |2 MRF 
080 |a 159.923.2  |2 MRF 
080 |a 316.346.32-053.4  |2 MRF 
080 |a 316.346.32-053.5  |2 MRF 
080 |a (072)  |2 MRF 
100 1 |a Plummer, Deborah,  |d 1957-  |7 hka2010609883  |4 aut 
245 1 0 |a Skupinové hry pro rozvíjení sebeúcty dětí ve věku 5-11 let /  |c Deborah M. Plummer ; [z anglického originálu ... přeložila Miroslava Kopicová] 
246 1 8 |a Skupinové hry pro rozvíjení sebeúcty 
250 |a Vyd. 1. 
260 |a Praha :  |b Portál,  |c 2013 
300 |a 135 s. ;  |c 21 cm 
504 |a Obsahuje bibliografii a bibliografické odkazy 
650 0 7 |a sociálněpsychologické hry  |7 ph173208  |2 czenas 
650 0 7 |a sebeúcta  |7 ph441064  |2 czenas 
650 0 7 |a sebedůvěra  |7 ph118402  |2 czenas 
650 0 7 |a sebevědomí  |7 ph125455  |2 czenas 
650 0 7 |a sebepoznání  |7 ph116116  |2 czenas 
650 0 7 |a děti školního věku  |7 ph119714  |2 czenas 
650 0 7 |a děti předškolního věku  |7 ph119710  |2 czenas 
650 0 9 |a social psychological games  |2 eczenas 
650 0 9 |a self-esteem  |2 eczenas 
650 0 9 |a self-reliance  |2 eczenas 
650 0 9 |a self-confidence  |2 eczenas 
650 0 9 |a self-consciousness  |2 eczenas 
650 0 9 |a school children  |2 eczenas 
650 0 9 |a preschool children  |2 eczenas 
655 7 |a metodické příručky  |7 fd132826  |2 czenas 
655 9 |a methodological manuals  |2 eczenas 
765 0 |t Self-esteem games for children  |9 Česky 
910 2 |a BOA001  |b 2-1311.486 
990 |a BK 
995 |a 01 
991 |b 201311  |c NOV  |e n 
996 6 |b 2610566872  |c 2-1311.486  |l MZK  |r Sklad / do 1 hodiny  |n 3  |p p.v.  |w 001373130  |u 000010  |a 1  |e BOA001  |j MZK50  |s P 
996 6 |b 2610572326  |c 2-1311.486  |l MZK  |r HSS 4p  |n 0  |p kup  |h 37 PLU  |w 001373130  |u 000020  |a 0  |e BOA001  |j MZK50  |s P 
996 7 |b 2610572327  |c 2-1311.486  |l Vol.výběr  |r VV 0p  |n 37  |p kup  |h 37 PLU  |w 001373130  |u 000030  |a 0  |e BOA001  |j MZK50  |s A